000 00552nam a2200205Ia 4500
005 20250522104511.0
008 008 250516s9999 xx 000 0 eng d
020 _a9781461470038
040 _aSDCL
_beng
_cSDCL
041 _aeng
_2eng
084 _aB43, Q3;1
_qSDCL
100 _aWillem, Michel
_9455352
245 0 _aFunctional analysis :
_bFundamentals and applications
260 _aNew York:
_bBirkhauser,
_c2013.
300 _axiii,213p.
365 _aEURO
_b49.99
490 _aCornerstones
650 _aMathematics
942 _cTEXL
999 _c1430560
_d1430560